Andares del Bizco Amate / (Record no. 44987)

MARC details
000 -LEADER
campo de control de longitud fija 01036nam a2200301 i 4500
001 - NÚMERO DE CONTROL
campo de control 44987
003 - IDENTIFICADOR DE NÚMERO DE CONTROL
campo de control ES-MaACL
005 - FECHA Y HORA DE LA ÚLTIMA TRANSACCIÓN
campo de control 20251003200119.0
007 - CAMPO FIJO DE DESCRIPCIÓN FÍSICA--INFORMACIÓN GENERAL
campo de control de longitud fija t|
008 - DATOS DE LONGITUD FIJA--INFORMACIÓN GENERAL
campo de control de longitud fija 030324s1980 sp ||||1| spa d
020 ## - NÚMERO INTERNACIONAL ESTÁNDAR DEL LIBRO
Número Internacional Estándar del Libro 84-85157-21-4
080 ## - NÚMERO DE LA CLASIFICACIÓN DECIMAL UNIVERSAL
Número de la Clasificación Decimal Universal 398.8(468.1)
080 ## - NÚMERO DE LA CLASIFICACIÓN DECIMAL UNIVERSAL
Número de la Clasificación Decimal Universal 929 Bizco Amate:398.8(468.1)
100 1# - ENTRADA PRINCIPAL--NOMBRE DE PERSONA
Nombre de persona Cobo, Eugenio.
9 (RLIN) 39348
245 10 - MENCIÓN DEL TÍTULO
Título Andares del Bizco Amate /
Mención de responsabilidad, etc. por Eugenio Cobo ; con prólogo de Andrés Raya.
260 ## - PUBLICACIÓN, DISTRIBUCIÓN, ETC.
Lugar de publicación, distribución, etc. [Córdoba] :
Nombre del editor, distribuidor, etc. Demófilo,
Fecha de publicación, distribución, etc. [1980]
300 ## - DESCRIPCIÓN FÍSICA
Extensión 27 p. ;
Dimensiones 19 cm.
490 1# - MENCIÓN DE SERIE
Mención de serie Memoria del sur
490 1# - MENCIÓN DE SERIE
Mención de serie Cuadernos andaluces de cultura popular ;
Designación de volumen o secuencia 1
594 ## - Nota al título y mención de responsabilidad
Nota al título y mención de responsabilidad El Bizco Amate: nombre artístico del cantaor gitano Enrique Guillén Cascajosa.
600 14 - PUNTO DE ACCESO ADICIONAL DE MATERIA--NOMBRE DE PERSONA
Nombre de persona Guillén Cascajosa, Enrique,
Fechas asociadas al nombre 1917-1948
9 (RLIN) 172944
650 #7 - PUNTO DE ACCESO ADICIONAL DE MATERIA--TÉRMINO DE MATERIA
Término de materia o nombre geográfico como elemento de entrada Cante flamenco
Fuente del encabezamiento o término embne
9 (RLIN) 10750
700 1# - ENTRADA AGREGADA--NOMBRE PERSONAL
Nombre de persona Raya, Andrés.
9 (RLIN) 95623
830 1# - PUNTO DE ACCESO ADICIONAL DE SERIE-TÍTULO UNIFORME
Título uniforme Memoria del sur
9 (RLIN) 229915
830 1# - PUNTO DE ACCESO ADICIONAL DE SERIE-TÍTULO UNIFORME
Título uniforme Cuadernos andaluces de cultura popular ;
Designación de volumen o secuencia 1
9 (RLIN) 229916
852 ## - LOCALIZACIÓN
Ubicación ES-MaACL
Número de control de estantería 2114-F-7
Holdings
Estatus retirado Estado de pérdida Estado de daño No para préstamo Colección Biblioteca de origen Biblioteca actual Ubicación en estantería Fecha de adquisición Fuente de adquisición Total de préstamos Signatura topográfica completa Código de barras Visto por última vez Precio de reemplazo Tipo de ítem Koha
        Colección de folletos Biblioteca del Ateneo de Madrid Biblioteca del Ateneo de Madrid Depósito folletos 17/01/2008     2114-F-7 1047346 23/02/2023 23/02/2023 Folleto